000
00342pab a2200145 454500
008
180718b1998 xxu||||| |||| 00| 0 eng d
100
_a
Garner, Robert
245
_a
Defending animal rights
260
_c
1998
300
_a
p.458-69
362
_a
Jul
650
_a
Wildlife conservation
773
_a
Parliamentary Affairs
909
_a
38575
999
_c
38575
_d
38575